Tratado de derecho administrativo (Registro nro. 558)

Detalles MARC
000 -LEADER
fixed length control field 01448 a2200229 4500
001 - CONTROL NUMBER
control field 13903
005 - DATE AND TIME OF LATEST TRANSACTION
control field 20260407155445.0
008 - FIXED-LENGTH DATA ELEMENTS--GENERAL INFORMATION
fixed length control field 260407a1995 arg spa d
003 - CONTROL NUMBER IDENTIFIER
control field AR-UNSa-BCEJYS
040 ## - CATALOGING SOURCE
Original cataloging agency AR-UNSa-BCEJYS
Language of cataloging spa
Transcribing agency AR-UNSa-BCEJYS
080 ## - UNIVERSAL DECIMAL CLASSIFICATION NUMBER
Universal Decimal Classification number 342.9
Common auxiliary subdivision Derecho Administrativo
020 ## - INTERNATIONAL STANDARD BOOK NUMBER
International Standard Book Number 978-950-537-275-1
100 1# - MAIN ENTRY--PERSONAL NAME
Personal name Gordillo, Agustín Alberto
245 10 - TITLE STATEMENT
Title Tratado de derecho administrativo
Name of part/section of a work parte general
250 ## - EDITION STATEMENT
Edition statement 3a. ed.
264 #1 - PRODUCTION, PUBLICATION, DISTRIBUTION, MANUFACTURE, AND COPYRIGHT NOTICE
Place of production, publication, distribution, manufacture Buenos Aires :
Name of producer, publisher, distributor, manufacturer Macchi Grupo Editor
Date of production, publication, distribution, manufacture, or copyright notice 1995
300 ## - PHYSICAL DESCRIPTION
Extent 2 v.
Dimensions 22 cm.
505 ## - FORMATTED CONTENTS NOTE
Formatted contents note Vol. I: 1. El método en el derecho administrativo - 2. Pasado, presente y futuro del derecho administrativo - 3. Bases políticas, constitucionales y sociales del derecho administrativo - 4. Condicionantes económicos y financieros del derecho administrativo. Crisis y cambio - 5. El derecho administrativo - 6. Fuentes supranacionales del derecho administrativo - 7. Fuentes nacionales del derecho administrativo - 8. Relaciones del derecho administrativo - 9. Las funciones del Estado - 10. Clasificación jurídica de la función administrativa - 11. Clasificación de los contratos administrativos - 12. Los órganos del Estado - 13. Agentes públicos - 14. Clasificación de los entes públicos - 15. Los entes reguladores
590 ## - LOCAL NOTE (RLIN)
Local note niveau_biblio:m niveau_hierar:0
856 41 - ELECTRONIC LOCATION AND ACCESS
Uniform Resource Identifier <a href="https://biblioeco.unsa.edu.ar/pmb/images/libros/L69564.jpg">https://biblioeco.unsa.edu.ar/pmb/images/libros/L69564.jpg</a>
Link text Imagen de portada
Electronic format type image/jpeg
942 ## - ADDED ENTRY ELEMENTS (KOHA)
Koha item type
Existencias
Withdrawn status Lost status Damaged status Not for loan Home library Current library Shelving location Date acquired Total checkouts Full call number Barcode Date last seen Price effective from Koha item type
        Biblioteca Prof. Eusebio Cleto del Rey Biblioteca Prof. Eusebio Cleto del Rey   07/04/2026   342.9 G661 v.1 3ed. L69561 07/04/2026 07/04/2026 Libro
        Biblioteca Prof. Eusebio Cleto del Rey Biblioteca Prof. Eusebio Cleto del Rey   07/04/2026   342.9 G661 v.1 3ed. L69562 07/04/2026 07/04/2026 Libro
        Biblioteca Prof. Eusebio Cleto del Rey Biblioteca Prof. Eusebio Cleto del Rey   07/04/2026   342.9 G661 v.1/2 3ed. L69563 07/04/2026 07/04/2026 Libro
        Biblioteca Prof. Eusebio Cleto del Rey Biblioteca Prof. Eusebio Cleto del Rey   07/04/2026   342.9 G661 v.1/2 3ed. L69564 07/04/2026 07/04/2026 Libro